000 00380nam a2200157Ia 4500
008 220204s9999 xx 000 0 und d
082 _a575.1
_bBON
100 _aBONNER, Mills
245 0 _aHeredity
250 _aEd.2
260 _aNew Delhi
_bPrentice Hall
_c1973
490 _aFoundations of modern biology series
650 _aGenetics
650 _aHeredity
942 _cBK
999 _c23620
_d23620